Death note characters - Statistics

General Stats
  • This quiz has been taken 1,599 times
  • The average score is 8 of 22
Answer Stats
Hint Answer % Correct
Kira's rival L
100%
Kira light yagami
86%
death god #1 ryuk
86%
L's student, N Near
66%
kira #2 Misa amane
63%
death god #2 rem
62%
L's student, loves chocolate Mello
58%
He is part of the investigation team, idiot matsuda
52%
Before Kira appears, he was the only one to know the real identity of L watari
42%
kira's father soichiro yagami
30%
N's real name Nate River
27%
FBI agent raye penber
27%
He is part of the investigation team, serious and suspicious aizawa
26%
wife of the FBI agent Naomi misora
22%
he is part of the ivestigation team, tall and strong mogi
19%
his real name Mihael Keehl
12%
representative of kira #2, she is also an ex girlfriend of kira kiyomi takada
8%
death god #3 sidoh
8%
kira #3, part of Yotsuba group kyosuke higuchi
6%
representative of kira demegawa
3%
member of Yotsuba group, he is the one who received the call of the investigation team Reiji Namikawa
2%
kira #4 Teru migami
1%
No matching quizzes found
Score Distribution
Percent of People with Each Score
Percentile by Number Answered
Your Score History
You have not taken this quiz